| 000 | 00674ntaaa2200193 4500 | ||
|---|---|---|---|
| 003 | 01 | ||
| 005 | 20251027203047.0 | ||
| 008 | 0714s1973 ag 01 | ||
| 040 |
_aAR-BaBN _bspa _cAR-BaBN _eaacr _dRIC |
||
| 082 | _a220.0500 Am3a | ||
| 245 | _aAbstracts 1996 | ||
| 250 | _a1 ed. | ||
| 260 |
_aNew Orleans : _bAAR-SBL, _c1996 |
||
| 300 |
_a394 p ; _c21 cm |
||
| 500 | _aResúmenes de las conferencias presentadas en el programa de la convención annual y de informes del Seminario de la Sociedad de Literatura Bíblica, en 1996. Sin portada | ||
| 650 |
_aBibliografías _931790 |
||
| 700 |
_aAmerican Academy of Religion. Society of Biblical Literature, _931791 |
||
| 942 | _cBK | ||
| 999 |
_c25972 _d25972 |
||